00282 a2200133 4500001000700000020002200007040001100029100002500040240002700065245002200092300000700114362000900121440001800130191594 a978-85-06-05723-0 cMagnum aSousa, Maurício de10aO bicho comilãolpor10aO bicho comilão a160 a2009 1aMelhoramentos